[Event "Buenos Aires Duchamp Memorial op 4th"]
[Site "Buenos Aires"]
[Date "2012.10.30"]
[Round "8"]
[White "Picollo, Pablo"]
[Black "Coldman, Ricardo"]
[Result "1-0"]
[WhiteElo "1967"]
[BlackElo "1644"]
[PlyCount "48"]
[EventDate "2012.10.22"]
[EventType "swiss"]
[EventRounds "9"]
[EventCountry "ARG"]
[SourceTitle "EXT 2013"]
[Source "ChessBase"]
[SourceDate "2012.11.22"]
[SourceVersion "1"]
[SourceVersionDate "2012.11.22"]
[SourceQuality "1"]

1. e4 c5 2. Nf3 d6 3. d4 cxd4 4. Nxd4 Nc6 5. Be3 g6 6. Nxc6 bxc6 7. Bd4 e5 8. Be3 Bg7 9. c4 Nf6 10. Nc3 0-0 11. Be2 Bb7 12. Qb3 Qc7 13. 0-0 Bc8 14. Rfe1 Ng4 15. Bxg4 Bxg4 16. f3 Be6 17. Qa4 Rfb8 18. b3 a5 19. Rac1 Bd7 20. c5 dxc5 21. Bxc5 Re8 22. Re3 Rad8 23. Rd1 Bf6 24. Qa3 Be6 1-0

[Event "Buenos Aires Duchamp Memorial op 4th"]
[Site "Buenos Aires"]
[Date "2012.10.29"]
[Round "7"]
[White "Coldman, Ricardo"]
[Black "Plazaola, Sebastian"]
[Result "1/2-1/2"]
[WhiteElo "1644"]
[BlackElo "1922"]
[PlyCount "41"]
[EventDate "2012.10.22"]
[EventType "swiss"]
[EventRounds "9"]
[EventCountry "ARG"]
[SourceTitle "EXT 2013"]
[Source "ChessBase"]
[SourceDate "2012.11.22"]
[SourceVersion "1"]
[SourceVersionDate "2012.11.22"]
[SourceQuality "1"]

1. e4 c6 2. Nf3 g6 3. d4 Bg7 4. Bc4 Nf6 5. 0-0 d6 6. Nc3 b5 7. Bd3 0-0 8. Ne2 a5 9. c3 Ba6 10. e5 Nd5 11. Nf4 Nxf4 12. Bxf4 d5 13. Re1 e6 14. Qd2 Nd7 15. Bh6 c5 16. Bxg7 Kxg7 17. Ng5 h6 18. Nh3 b4 19. f4 cxd4 20. cxd4 Bxd3 21. Qxd3 1/2-1/2

[Event "Buenos Aires Duchamp op 1st"]
[Site "Buenos Aires"]
[Date "2011.09.14"]
[Round "3"]
[White "Coldman, Ricardo"]
[Black "Codigone, Maximiliano"]
[Result "0-1"]
[WhiteElo "1672"]
[BlackElo "2021"]
[PlyCount "39"]
[EventDate "2011.09.12"]
[EventType "swiss"]
[EventRounds "9"]
[EventCountry "ARG"]
[SourceTitle "EXT 2014"]
[Source "ChessBase"]
[SourceDate "2013.11.20"]
[SourceVersion "1"]
[SourceVersionDate "2013.11.20"]
[SourceQuality "1"]

1. e4 a6 2. f4 b5 3. Nf3 Bb7 4. d3 e6 5. Be3 Nf6 6. Ng5 h6 7. Nh3 d5 8. e5 d4 9. Bd2 Nd5 10. Qg4 Ne7 11. Be2 Nf5 12. 0-0 h5 13. Qg5 Be7 14. Qxh5 Rxh5 15. Bxh5 g6 16. Be2 Nh4 17. Rf2 Qd5 18. Ng5 Bxg5 19. fxg5 Nd7 20. Bf4 0-1

[Event "Buenos Aires Bolivar op 4th"]
[Site "Buenos Aires"]
[Date "2011.06.22"]
[Round "8"]
[White "Ravier, Osvaldo"]
[Black "Coldman, Ricardo"]
[Result "1-0"]
[WhiteElo "1873"]
[BlackElo "1660"]
[PlyCount "113"]
[EventDate "2011.06.13"]
[EventType "swiss"]
[EventRounds "9"]
[EventCountry "ARG"]
[SourceTitle "EXT 2014"]
[Source "ChessBase"]
[SourceDate "2013.11.20"]
[SourceVersion "1"]
[SourceVersionDate "2013.11.20"]
[SourceQuality "1"]

1. Nf3 Nc6 2. b3 Nf6 3. Bb2 e6 4. c4 Be7 5. e3 d5 6. Nc3 d4 7. Nb5 d3 8. a3 a6 9. Nc3 e5 10. h3 e4 11. Nh2 Bf5 12. g3 Na7 13. Bg2 Nc8 14. f3 Qd6 15. f4 c5 16. g4 Bd7 17. Nxe4 Nxe4 18. Bxe4 Bc6 19. Qf3 Bh4+ 20. Kf1 Bf6 21. Bxc6+ bxc6 22. Bxf6 Qxf6 23. Qe4+ Ne7 24. Rb1 Rd8 25. Kg2 0-0 26. Qf3 Ng6 27. Qf2 Qe7 28. Nf3 Qe4 29. Rhf1 Rb8 30. Kg3 h6 31. Rfc1 f5 32. g5 Rb7 33. h4 Rfb8 34. Rc3 a5 35. a4 Rb4 36. h5 Nf8 37. g6 Rxa4 38. Qf1 Rab4 39. Ne5 a4 40. Qd1 axb3 41. Rcxb3 Rxb3 42. Rxb3 Rxb3 43. Qxb3 Qh1 44. Qxd3 Qg1+ 45. Kf3 Qh1+ 46. Kf2 Qxh5 47. Qd6 Qh2+ 48. Ke1 Qg1+ 49. Ke2 Qg2+ 50. Kd1 Qh1+ 51. Kc2 Qe4+ 52. Kc3 Qb1 53. Qxc6 Qc1+ 54. Kd3 Qf1+ 55. Kc2 Qa1 56. Qd5+ Ne6 57. Qxe6+ 1-0

[Event "Buenos Aires Bolivar op 4th"]
[Site "Buenos Aires"]
[Date "2011.06.14"]
[Round "2"]
[White "Epelboim, Matias"]
[Black "Coldman, Ricardo"]
[Result "1-0"]
[WhiteElo "1969"]
[BlackElo "1660"]
[PlyCount "77"]
[EventDate "2011.06.13"]
[EventType "swiss"]
[EventRounds "9"]
[EventCountry "ARG"]
[SourceTitle "EXT 2014"]
[Source "ChessBase"]
[SourceDate "2013.11.20"]
[SourceVersion "1"]
[SourceVersionDate "2013.11.20"]
[SourceQuality "1"]

1. g3 e5 2. Bg2 Nc6 3. d3 b6 4. Nf3 Rb8 5. 0-0 Bb7 6. e4 Nf6 7. Nc3 Be7 8. Nd5 0-0 9. Nxe7+ Qxe7 10. Nh4 d6 11. Nf5 Qd8 12. Bg5 Nd4 13. Nxd4 exd4 14. Qf3 Re8 15. Bxf6 Qxf6 16. Qxf6 gxf6 17. Rae1 c5 18. b3 Bc8 19. f4 Bd7 20. f5 Kg7 21. Rf4 Rg8 22. Ref1 Kf8 23. Rh4 Rg7 24. Rff4 Ke7 25. Rh6 Rbg8 26. Rfh4 Rh8 27. Bf3 b5 28. g4 a5 29. Kf2 b4 30. R4h5 a4 31. Ke2 axb3 32. axb3 Ra8 33. Kd2 Rh8 34. h4 Kd8 35. Rxf6 Kc7 36. Rhh6 Rhg8 37. Rxd6 Rxg4 38. Bxg4 Rxg4 39. Rd5 1-0